[Event "Mittelfranken Landesliga Nord 2122"]
[Site "Mittelfranken"]
[Date "2022.03.20"]
[Round "4.4"]
[White "Schmidt, Oliver"]
[Black "Kordts, Wolfgang"]
[Result "0-1"]
[WhiteElo "1938"]
[BlackElo "2064"]
[PlyCount "92"]
[EventDate "2021.10.24"]
[EventType "team-tourn"]
[EventRounds "9"]
[EventCountry "GER"]
[SourceTitle "EXT 2024"]
[Source "ChessBase"]
[SourceDate "2023.10.10"]
[SourceVersion "1"]
[SourceVersionDate "2023.10.10"]
[SourceQuality "1"]
[WhiteTeam "Schwandorf"]
[BlackTeam "Nuernberg SW"]
[WhiteTeamCountry "GER"]
[BlackTeamCountry "GER"]

1. d4 Nf6 2. c4 e6 3. Nf3 Nc6 4. a3 g6 5. Nc3 Bg7 6. e4 d6 7. Be2 0-0 8. 0-0 Re8 9. Be3 e5 10. d5 Nd4 11. Nxd4 exd4 12. Bxd4 Nxe4 13. Bxg7 Kxg7 14. Qc2 Nxc3 15. Qxc3+ Qf6 16. Qxf6+ Kxf6 17. Bd3 Bd7 18. Rae1 h6 19. f4 Rxe1 20. Rxe1 g5 21. fxg5+ hxg5 22. Rf1+ Kg7 23. Re1 Re8 24. Rxe8 Bxe8 25. Kf2 Kf6 26. Ke3 Ke5 27. g4 Ba4 28. Be2 Bb3 29. Bd3 Bd1 30. Bf5 b5 31. cxb5 Kxd5 32. Bd7 Kc4 33. Kd2 Bf3 34. Be8 Bxg4 35. Bxf7+ Kxb5 36. Ke3 a5 37. Kd4 Bf3 38. Bc4+ Kb6 39. b4 c6 40. Ke3 Bg2 41. Kf2 Be4 42. Kg3 d5 43. Be2 axb4 44. axb4 d4 45. Kg4 Bc2 46. Kxg5 d3 0-1

[Event "Mittelfranken Landesliga Nord 2122"]
[Site "Mittelfranken"]
[Date "2021.10.24"]
[Round "1.5"]
[White "Hetzner, Hannes"]
[Black "Schmidt, Oliver"]
[Result "1-0"]
[WhiteElo "2041"]
[BlackElo "1938"]
[PlyCount "55"]
[EventDate "2021.10.24"]
[EventType "team-tourn"]
[EventRounds "9"]
[EventCountry "GER"]
[SourceTitle "EXT 2024"]
[Source "ChessBase"]
[SourceDate "2023.10.10"]
[SourceVersion "1"]
[SourceVersionDate "2023.10.10"]
[SourceQuality "1"]
[WhiteTeam "Erlangen II"]
[BlackTeam "Schwandorf"]
[WhiteTeamCountry "GER"]
[BlackTeamCountry "GER"]

1. e4 c5 2. Nf3 Nc6 3. d4 cxd4 4. Nxd4 Nf6 5. Nc3 e5 6. Ndb5 d6 7. Bg5 a6 8. Na3 b5 9. Bxf6 gxf6 10. Nd5 Bg7 11. Bd3 Ne7 12. Nxe7 Qxe7 13. 0-0 0-0 14. Qh5 f5 15. c4 Rb8 16. exf5 e4 17. Rae1 Bb7 18. cxb5 d5 19. Nc2 Qc5 20. f6 Bxf6 21. Bxe4 Rfe8 22. b4 Qc7 23. Bxh7+ Kf8 24. bxa6 Ba8 25. a7 Qxa7 26. Qh6+ Bg7 27. Qd6+ Re7 28. Rxe7 1-0

[Event "DSOL 03 Liga Gr-B 1st"]
[Site "Playchess.com INT"]
[Date "2020.08.10"]
[Round "2.3"]
[White "Schmidt, Oliver"]
[Black "Budai, Zoltan"]
[Result "1/2-1/2"]
[WhiteElo "1930"]
[BlackElo "1877"]
[PlyCount "99"]
[EventDate "2020.06.22"]
[EventType "team-tourn (rapid)"]
[EventCountry "GER"]
[SourceTitle "EXT 2021"]
[Source "ChessBase"]
[SourceDate "2020.10.23"]
[SourceVersion "1"]
[SourceVersionDate "2020.10.23"]
[SourceQuality "1"]
[WhiteTeam "Eilenriede Weiss Blau"]
[BlackTeam "Dachau"]
[WhiteTeamCountry "GER"]
[BlackTeamCountry "GER"]

1. e4 c5 2. Nf3 Nc6 3. d4 cxd4 4. Nxd4 Nf6 5. Nc3 e5 6. Ndb5 d6 7. Bg5 a6 8. Na3 b5 9. Bxf6 gxf6 10. Nd5 Bg7 11. c3 f5 12. exf5 Bxf5 13. Nc2 0-0 14. Nce3 Be6 15. Bd3 f5 16. Qh5 e4 17. Bc2 Ne5 18. Rd1 Ng6 19. g4 Nh4 20. gxf5 Bxf5 21. Nxf5 Rxf5 22. Qe2 Qg5 23. Ne3 Nf3+ 24. Kf1 Qh5 25. Bxe4 Qh3+ 26. Ng2 Nxh2+ 27. Kg1 Nf3+ 28. Bxf3 Qxf3 29. Qxf3 Rxf3 30. Rxd6 Raf8 31. Rd2 b4 32. cxb4 Rxf2 33. Rxf2 Bd4 34. Ne3 Bxe3 35. Rhh2 Rc8 36. Rhg2+ Kh8 37. Kf1 Rc1+ 38. Ke2 Bxf2 39. Kxf2 h5 40. Rh2 Kg7 41. Rxh5 Rc2+ 42. Ke3 Rxb2 43. Ra5 Rxb4 44. Rxa6 Kf7 45. Kd3 Ke7 46. Kc3 Rb1 47. Kc2 Rb7 48. Rc6 Kd7 49. Rc3 Rc7 50. Rxc7+ 1/2-1/2

[Event "Landesliga Nord 1819"]
[Site "Bayern"]
[Date "2018.12.16"]
[Round "4.8"]
[White "Schmidt, Oliver"]
[Black "Mueller, Johannes"]
[Result "0-1"]
[WhiteElo "1795"]
[BlackElo "1928"]
[PlyCount "54"]
[EventDate "2018.10.21"]
[EventType "team-tourn"]
[EventRounds "9"]
[EventCountry "GER"]
[SourceTitle "EXT 2022"]
[Source "ChessBase"]
[SourceDate "2021.10.06"]
[SourceVersion "1"]
[SourceVersionDate "2021.10.06"]
[SourceQuality "1"]
[WhiteTeam "Schwandorf"]
[BlackTeam "Kelheim SK"]
[WhiteTeamCountry "GER"]
[BlackTeamCountry "GER"]

1. d4 Nf6 2. c4 g6 3. Nc3 d5 4. cxd5 Nxd5 5. e4 Nxc3 6. bxc3 Bg7 7. Bc4 c5 8. Ne2 0-0 9. 0-0 Nc6 10. Be3 Qc7 11. Rc1 b6 12. Bf4 e5 13. Bg3 Qe7 14. d5 Na5 15. Bd3 f5 16. exf5 gxf5 17. Re1 c4 18. Bc2 Qd6 19. Nd4 f4 20. Nb5 Qh6 21. d6 fxg3 22. hxg3 Bd7 23. Nc7 Rad8 24. Qd5+ Kh8 25. Qd1 Bc6 26. Qg4 Rxd6 27. Rcd1 Rdf6 0-1

[Event "Bayernliga U20 1819"]
[Site "Bayern"]
[Date "2018.12.08"]
[Round "2.1"]
[White "Vuckovic, Zarko"]
[Black "Schmidt, Oliver"]
[Result "1-0"]
[WhiteElo "2259"]
[BlackElo "1795"]
[PlyCount "54"]
[EventDate "2018.11.17"]
[EventType "team-tourn"]
[EventRounds "6"]
[EventCountry "GER"]
[SourceTitle "EXT 2022"]
[Source "ChessBase"]
[SourceDate "2021.10.06"]
[SourceVersion "1"]
[SourceVersionDate "2021.10.06"]
[SourceQuality "1"]
[WhiteTeam "Augsburg SF U20"]
[BlackTeam "Schwandorf U20"]
[WhiteTeamCountry "GER"]
[BlackTeamCountry "GER"]

1. e4 c5 2. Nc3 a6 3. d3 e6 4. g3 b5 5. Bg2 Bb7 6. f4 d5 7. exd5 exd5 8. Nf3 Nf6 9. d4 Be7 10. 0-0 0-0 11. Kh1 Nc6 12. Be3 Na5 13. Bg1 Rc8 14. Ne2 c4 15. Ne5 Ne4 16. f5 Bf6 17. Ng4 Re8 18. Nf4 c3 19. b3 Nd2 20. Nxf6+ Qxf6 21. Nh5 Qh6 22. Rf4 Re1 23. Qxe1 Qxh5 24. Qe7 Ne4 25. Rxe4 dxe4 26. b4 Qe2 27. bxa5 Bc6 1-0

[Event "Landesliga U20 Nord 1718"]
[Site "Bayern"]
[Date "2018.01.27"]
[Round "5.1"]
[White "Schmidt, Oliver"]
[Black "Helsper, Daniel"]
[Result "1-0"]
[WhiteElo "1811"]
[BlackElo "1581"]
[PlyCount "100"]
[EventDate "2017.11.18"]
[EventType "team-tourn"]
[EventRounds "7"]
[EventCountry "GER"]
[SourceTitle "EXT 2022"]
[Source "ChessBase"]
[SourceDate "2021.10.06"]
[SourceVersion "1"]
[SourceVersionDate "2021.10.06"]
[SourceQuality "1"]
[WhiteTeam "Schwandorf U20"]
[BlackTeam "Allersberger SC U20"]
[WhiteTeamCountry "GER"]
[BlackTeamCountry "GER"]

1. d4 Nf6 2. c4 g6 3. Nc3 Bg7 4. Nf3 d6 5. Bg5 h6 6. Bh4 0-0 7. e3 b6 8. Be2 Bb7 9. Qc2 Nbd7 10. 0-0 c5 11. d5 a6 12. a4 Qc7 13. h3 Rae8 14. Bg3 Nh5 15. Bh2 Kh8 16. e4 Nhf6 17. Rad1 e5 18. Nd2 Bc8 19. Nb3 Kh7 20. a5 Bb7 21. Ra1 Ra8 22. g3 Rfe8 23. Rfb1 Kh8 24. Kg2 Rab8 25. Bg1 Bf8 26. g4 g5 27. f3 Ra8 28. Be3 Be7 29. Rh1 Kg7 30. h4 Nh7 31. Qc1 Rh8 32. Nd2 bxa5 33. Nf1 Ndf8 34. Ng3 Bc8 35. Nf5+ Bxf5 36. gxf5 f6 37. hxg5 hxg5 38. Qg1 Rb8 39. Na4 Qd7 40. Qh2 Rb4 41. Qh6+ Kf7 42. Bd1 Rxc4 43. Nb6 Qb5 44. Nxc4 Qxc4 45. Rxa5 Bd8 46. Ra3 Bb6 47. Rb3 Nd7 48. Qg6+ Ke7 49. Qg7+ Ke8 50. Qxh8+ Nhf8 1-0

[Event "Landesliga U20 Nord 1718"]
[Site "Bayern"]
[Date "2017.11.18"]
[Round "1.1"]
[White "Sammet, Dominik"]
[Black "Schmidt, Oliver"]
[Result "1-0"]
[WhiteElo "1744"]
[BlackElo "1811"]
[PlyCount "41"]
[EventDate "2017.11.18"]
[EventType "team-tourn"]
[EventRounds "7"]
[EventCountry "GER"]
[SourceTitle "EXT 2022"]
[Source "ChessBase"]
[SourceDate "2021.10.06"]
[SourceVersion "1"]
[SourceVersionDate "2021.10.06"]
[SourceQuality "1"]
[WhiteTeam "Regensburg Bavaria U20 II"]
[BlackTeam "Schwandorf U20"]
[WhiteTeamCountry "GER"]
[BlackTeamCountry "GER"]

1. e4 c5 2. Nf3 e6 3. d4 cxd4 4. Nxd4 a6 5. Nc3 Qc7 6. Be2 Nf6 7. 0-0 b5 8. Bf3 b4 9. e5 Bb7 10. exf6 bxc3 11. bxc3 d5 12. Rb1 Nc6 13. c4 Ne5 14. Bf4 Nxf3+ 15. Qxf3 Qc8 16. Rfe1 g6 17. Qb3 Ra7 18. cxd5 Bc5 19. dxe6 Bxd4 20. Qa4+ Qc6 21. Qxc6+ 1-0

[Event "Hannover Ihme Cup"]
[Site "Hannover"]
[Date "2017.04.28"]
[Round "1.17"]
[White "Hansen, Uwe1111"]
[Black "Schmidt, Oliver"]
[Result "0-1"]
[WhiteElo "1592"]
[BlackElo "2001"]
[PlyCount "52"]
[EventDate "2017.04.28"]
[EventType "swiss"]
[EventRounds "5"]
[EventCountry "GER"]
[SourceTitle "EXT 2022"]
[Source "ChessBase"]
[SourceDate "2021.10.06"]
[SourceVersion "1"]
[SourceVersionDate "2021.10.06"]
[SourceQuality "1"]

1. e4 e5 2. Bc4 Nf6 3. Nc3 Nxe4 4. Qh5 Nd6 5. Bb3 Nc6 6. Nb5 g6 7. Qf3 f5 8. Qd5 Qe7 9. Nxc7+ Kd8 10. Nxa8 b6 11. d3 Bb7 12. h4 f4 13. Nxb6 axb6 14. Qf3 Nd4 15. Qh3 Bh6 16. Bd2 e4 17. 0-0-0 e3 18. Bc3 N6b5 19. Ba4 Nxc3 20. bxc3 Qa3+ 21. Kb1 Qxa4 22. cxd4 Qb4+ 23. Kc1 f3 24. Nxf3 Bxf3 25. Qxf3 e2+ 26. Rd2 Bxd2# 0-1

[Event "Hannover Ihme Cup"]
[Site "Hannover"]
[Date "2013.05.04"]
[Round "2"]
[White "Schmidt, Oliver"]
[Black "Cordes, Klaus"]
[Result "1/2-1/2"]
[WhiteElo "2079"]
[BlackElo "2253"]
[PlyCount "67"]
[EventDate "2013.05.03"]
[EventType "swiss"]
[EventRounds "5"]
[EventCountry "GER"]
[SourceTitle "EXT 2021"]
[Source "ChessBase"]
[SourceDate "2020.10.23"]
[SourceVersion "1"]
[SourceVersionDate "2020.10.23"]
[SourceQuality "1"]

1. e4 c5 2. Nf3 Nc6 3. d4 cxd4 4. Nxd4 g6 5. Nc3 Bg7 6. Be3 Nf6 7. Bc4 Qa5 8. 0-0 0-0 9. Bb3 d6 10. h3 Bd7 11. f4 Nxd4 12. Bxd4 Bc6 13. Nd5 Bxd5 14. exd5 Nd7 15. Bxg7 Kxg7 16. Qd4+ Kg8 17. Rae1 Rfe8 18. Kh2 Qc5 19. Qd2 a5 20. a3 b5 21. c3 Rab8 22. f5 Kg7 23. Rf4 Ne5 24. Rh4 h5 25. fxg6 fxg6 26. Rxh5 Rh8 27. Rg5 Rbf8 28. Re2 Rh4 29. Bc2 Rf6 30. Qe1 Rhf4 31. Rexe5 dxe5 32. Qxe5 Qd6 33. Rxg6+ Kf7 34. Qxd6 1/2-1/2

[Event "Hannover Ihme Cup"]
[Site "Hannover"]
[Date "2013.05.03"]
[Round "1"]
[White "Lick, Helmut"]
[Black "Schmidt, Oliver"]
[Result "0-1"]
[WhiteElo "1471"]
[BlackElo "2079"]
[PlyCount "60"]
[EventDate "2013.05.03"]
[EventType "swiss"]
[EventRounds "5"]
[EventCountry "GER"]
[SourceTitle "EXT 2021"]
[Source "ChessBase"]
[SourceDate "2020.10.23"]
[SourceVersion "1"]
[SourceVersionDate "2020.10.23"]
[SourceQuality "1"]

1. e4 e5 2. Nf3 Nc6 3. Bb5 f5 4. d3 fxe4 5. dxe4 Nf6 6. Bg5 Bc5 7. 0-0 d6 8. h3 0-0 9. Nbd2 Qe8 10. Qe2 Qg6 11. Bc4+ Kh8 12. c3 Nh5 13. Kh2 h6 14. Be3 Bxe3 15. Qxe3 Nf4 16. Nh4 Qh5 17. Nf5 Bxf5 18. exf5 Qxf5 19. Bb3 Ne7 20. Ne4 Nfd5 21. Qe2 Qf4+ 22. g3 Qf3 23. Qxf3 Rxf3 24. Bd1 Rf7 25. Be2 Nf6 26. Nxf6 Rxf6 27. Rad1 c6 28. Rd3 d5 29. Re3 e4 30. f4 Nf5 0-1

[Event "Bielefeld Gr2"]
[Site "Bielefeld"]
[Date "2005.05.13"]
[Round "1"]
[White "Schmidt, Oliver"]
[Black "Fenner, Martin"]
[Result "0-1"]
[WhiteElo "2067"]
[BlackElo "2106"]
[PlyCount "92"]
[EventDate "2005.05.13"]
[EventType "tourn"]
[EventRounds "7"]
[EventCountry "GER"]
[SourceTitle "EXT 2006"]
[Source "ChessBase"]
[SourceDate "2005.11.24"]
[SourceVersion "1"]
[SourceVersionDate "2005.11.24"]
[SourceQuality "1"]

1. e4 c5 2. Nf3 e6 3. d4 cxd4 4. Nxd4 Nc6 5. Nb5 d6 6. c4 a6 7. N5c3 Nf6 8. a3 Be7 9. Be3 0-0 10. Be2 Ne5 11. f4 Ned7 12. Nd2 b6 13. Bf3 Rb8 14. g4 e5 15. f5 Ne8 16. Nd5 Bh4+ 17. Kf1 Nc7 18. Nxc7 Qxc7 19. g5 f6 20. g6 hxg6 21. fxg6 f5 22. exf5 Rxf5 23. Kg2 Bb7 24. Rf1 Rbf8 25. Bd5+ Bxd5+ 26. cxd5 Rxf1 27. Nxf1 Qc4 28. Kg1 Qe4 29. Rc1 Qxg6+ 30. Kh1 Qe4+ 31. Kg1 Rxf1+ 32. Kxf1 Qxe3 33. Rc8+ Nf8 34. Qc2 Qf3+ 35. Kg1 e4 36. Rc4 Bg5 37. h4 Be3+ 38. Kh2 Bf4+ 39. Kg1 e3 40. Re4 Bg3 41. Qg2 Qd1+ 42. Qf1 Bf2+ 43. Kg2 Qxd5 44. Qc4 Qxc4 45. Rxc4 d5 46. Rd4 Ne6 0-1

[Event "Werther Schloss op-A 11th"]
[Site "Werther"]
[Date "2005.03.19"]
[Round "3"]
[White "Schmidt, Oliver"]
[Black "Rosenberger, Frank"]
[Result "1-0"]
[WhiteElo "2067"]
[BlackElo "2204"]
[PlyCount "77"]
[EventDate "2005.03.18"]
[EventType "swiss"]
[EventRounds "5"]
[EventCountry "GER"]
[SourceTitle "CBM 105 Extra"]
[Source "ChessBase"]
[SourceDate "2005.05.01"]
[SourceVersion "1"]
[SourceVersionDate "2005.05.01"]
[SourceQuality "1"]

1. e4 e6 2. d4 d5 3. Nc3 Bb4 4. a3 Bxc3+ 5. bxc3 dxe4 6. Qg4 Nf6 7. Qxg7 Rg8 8. Qh6 c5 9. Ne2 Rg6 10. Qh4 Nbd7 11. Bg5 Qa5 12. dxc5 Qxc5 13. Be3 Qa5 14. Bd2 Qa4 15. Nd4 a6 16. Be2 Rxg2 17. Bg5 Qa5 18. Bxf6 Qxc3+ 19. Kf1 Rg6 20. Nb5 Qc6 21. Bd8 f6 22. Qxh7 Kxd8 23. Nd4 Qd6 24. Qxg6 Qxd4 25. Rd1 Qe5 26. h4 b5 27. Qg8+ Kc7 28. h5 f5 29. h6 e3 30. h7 Bb7 31. Rxd7+ Kxd7 32. h8Q Bg2+ 33. Kxg2 Rxg8+ 34. Qxg8 Qe4+ 35. Bf3 Qxc2 36. Rh7+ Kd6 37. Qd8+ Ke5 38. Qc7+ Qxc7 39. Rxc7 1-0

[Event "Werther Schloss op-A 9th"]
[Site "Werther"]
[Date "2003.04.13"]
[Round "4"]
[White "Schmidt, Oliver"]
[Black "Gudath, Reiner"]
[Result "1-0"]
[WhiteElo "2079"]
[BlackElo "1879"]
[PlyCount "47"]
[EventDate "2003.04.11"]
[EventType "swiss"]
[EventRounds "5"]
[EventCountry "GER"]
[SourceTitle "CBM 093 Extra"]
[Source "ChessBase"]
[SourceDate "2003.05.09"]
[SourceVersion "1"]
[SourceVersionDate "2003.05.09"]
[SourceQuality "1"]

1. e4 c5 2. c3 d5 3. exd5 Qxd5 4. d4 e6 5. Nf3 Nf6 6. Na3 a6 7. Nc4 Nbd7 8. a4 cxd4 9. Qxd4 Qxd4 10. Nxd4 Bc5 11. Bf4 Nd5 12. Bd6 Bxd6 13. Nxd6+ Ke7 14. Nxc8+ Raxc8 15. Be2 Ne5 16. 0-0 Rc7 17. Rfe1 Nc4 18. b3 Nd6 19. c4 Nb4 20. Bg4 Re8 21. Rad1 Nxc4 22. bxc4 Rxc4 23. Bf3 b6 24. Nf5+ 1-0